[Event "Pirgou Sphlios op 2nd"]
[Site "Greece"]
[Date "2007.08.17"]
[Round "3"]
[White "Michopoylos, K."]
[Black "Tziallilas, Kostas"]
[Result "0-1"]
[WhiteElo "1510"]
[BlackElo "1950"]
[PlyCount "34"]
[EventDate "2007.08.16"]
[EventType "swiss"]
[EventRounds "7"]
[EventCountry "GRE"]
[SourceTitle "EXT 2008"]
[Source "ChessBase"]
[SourceDate "2007.11.25"]
[SourceVersion "1"]
[SourceVersionDate "2007.11.25"]
[SourceQuality "1"]

1. e4 d5 2. exd5 Qxd5 3. Nc3 Qd8 4. Bc4 Nf6 5. d4 c6 6. Bg5 b5 7. Nxb5 Bg4 8. Qd3 cxb5 9. Bxb5+ Nbd7 10. Kf1 e6 11. Bxf6 gxf6 12. Bxd7+ Qxd7 13. Qe4 Qb5+ 14. Ke1 Rc8 15. Qxg4 Rxc2 16. Qe4 Bb4+ 17. Kd1 Rd2+ 0-1